NRITYA SHASTRA/ (Record no. 200842)
[ view plain ]
| 000 -LEADER | |
|---|---|
| fixed length control field | 00885nam a22002177a 4500 |
| 005 - DATE AND TIME OF LATEST TRANSACTION | |
| control field | 20240216113300.0 |
| 008 - FIXED-LENGTH DATA ELEMENTS--GENERAL INFORMATION | |
| fixed length control field | 090826t xxu||||| |||| 00| 0 eng d |
| 010 ## - LCCN (DPL NO) | |
| LC control number | ENG139317 EN122849 |
| 020 ## - INTERNATIONAL STANDARD BOOK NUMBER | |
| International Standard Book Number | 9789354089503 |
| Terms of availability | 1700 |
| 035 ## - SYSTEM CONTROL NUMBER | |
| System control number | ENG-139317 EN-122849 |
| 040 ## - CATALOGING SOURCE | |
| Original cataloging agency | dpl |
| Language of cataloging | English |
| 082 ## - DEWEY DECIMAL CLASSIFICATION NUMBER | |
| Classification number | 792.80 |
| 100 ## - MAIN ENTRY--PERSONAL NAME | |
| Personal name | RAUT PURNASHREE |
| 9 (RLIN) | 36944 |
| 245 ## - TITLE STATEMENT | |
| Title | NRITYA SHASTRA/ |
| Remainder of title | MYTHOLOGICAL ORIGINS OF DANCE |
| Statement of responsibility, etc | PURNASHREE RAUT |
| 260 ## - PUBLICATION, DISTRIBUTION, ETC. (IMPRINT) | |
| Place of publication, distribution, etc | CHHATTISGARGH |
| 270 ## - ADDRESS | |
| Address | DIRECTORATE OF CULTURE& ARCHAEOLOGY GOVERNMENT OF CHAHHATTISGARH |
| City | INDIA |
| 300 ## - PHYSICAL DESCRIPTION | |
| Extent | 126p. |
| Other physical details | col. photos |
| Dimensions | 23.5CM |
| 500 ## - GENERAL NOTE | |
| General note | Includes bibliographical references and index |
| 942 ## - ADDED ENTRY ELEMENTS (KOHA) | |
| Source of classification or shelving scheme | Dewey Decimal Classification |
| Item type | English Books |
| Classification part | 792.80 |
| Withdrawn status | Lost status | Source of classification or shelving scheme | Damaged status | Not for loan | Collection code | Home library | Current library | Date acquired | Source of acquisition | Cost, normal purchase price | Total Checkouts | Full call number | Barcode | Date last seen | Copy number | Cost, replacement price | Koha item type |
|---|---|---|---|---|---|---|---|---|---|---|---|---|---|---|---|---|---|
| Dewey Decimal Classification | Not For Loan | Reference | Sarojini Nagar | Sarojini Nagar | 16/02/2024 | DBAD/PUB | 1100.00 | 792.80RAU | EN-122849 | 16/02/2024 | 1 | 1100.00 | English Books |
